Avance estadístico sobre el cultivo cereal y de leguminosas asociadas en España / (Record no. 26294)

MARC details
000 -LEADER
campo de control de longitud fija 00964nam a2200205 i 4500
001 - NÚMERO DE CONTROL
campo de control 26294
003 - IDENTIFICADOR DE NÚMERO DE CONTROL
campo de control ES-MaACL
005 - FECHA Y HORA DE LA ÚLTIMA TRANSACCIÓN
campo de control 20230906153422.0
007 - CAMPO FIJO DE DESCRIPCIÓN FÍSICA--INFORMACIÓN GENERAL
campo de control de longitud fija t|
008 - DATOS DE LONGITUD FIJA--INFORMACIÓN GENERAL
campo de control de longitud fija 030108s1891 sp ||||1| spa d
245 00 - MENCIÓN DEL TÍTULO
Título Avance estadístico sobre el cultivo cereal y de leguminosas asociadas en España /
Mención de responsabilidad, etc. formado por la Junta Consultiva Agronómica, 1890, quinquenio de 1886 a 1890, ambos inclusive.
260 ## - PUBLICACIÓN, DISTRIBUCIÓN, ETC.
Lugar de publicación, distribución, etc. Madrid :
Nombre del editor, distribuidor, etc. [s.n.],
Fecha de publicación, distribución, etc. 1891 (
Fabricante L. Peaut e Hijos)
300 ## - DESCRIPCIÓN FÍSICA
Extensión 3 v. (480, 614, 608 p.), [1] h. de mapas pleg. ;
Dimensiones 28 cm.
500 ## - NOTA GENERAL
Nota general Precede al tít.: Dirección General de Agricultura, Industria y Comercio.
505 8# - NOTA DE CONTENIDO CON FORMATO
Nota de contenido con formato Contiene: T. 1. Álava-Cuenca -- T. 2. Gerona-Pontevedra -- T. 3. Salamanca-Zaragoza
650 #4 - PUNTO DE ACCESO ADICIONAL DE MATERIA--TÉRMINO DE MATERIA
Término de materia o nombre geográfico como elemento de entrada Cereales-
Subdivisión geográfica España-
Subdivisión de forma Estadísticas.
9 (RLIN) 152295
650 #4 - PUNTO DE ACCESO ADICIONAL DE MATERIA--TÉRMINO DE MATERIA
Término de materia o nombre geográfico como elemento de entrada Legumbres-
Subdivisión geográfica España-
Subdivisión de forma Estadísticas.
9 (RLIN) 152296
710 1# - ENTRADA AGREGADA--NOMBRE DE ENTIDAD CORPORATIVA
Nombre de entidad corporativa o nombre de jurisdicción como elemento de entrada España.
Unidad subordinada Dirección General de Agricultura, Industria y Comercio.
9 (RLIN) 3869
852 ## - LOCALIZACIÓN
Ubicación ES-MaACL
Número de control de estantería F-3243-45
Holdings
Estatus retirado Estado de pérdida Estado de daño No para préstamo Colección Biblioteca de origen Biblioteca actual Ubicación en estantería Fecha de adquisición Fuente de adquisición Total de préstamos Signatura topográfica completa Código de barras Visto por última vez Precio de reemplazo Tipo de ítem Koha
        Libros del s. XIX Biblioteca del Ateneo de Madrid Biblioteca del Ateneo de Madrid Depósito 2 17/01/2008     F-3243-45 1027135 23/02/2023 23/02/2023 Libro impreso antiguo